000 00197nam a22000977a 4500
245 _aXam Idea Social science 10th
250 _a2024
260 _bV.K. Publicatoin
300 _a560
942 _2ddc
_cSB
999 _c9081
_d9081